| 000 | 02372cam a22006134i 4500 | ||
|---|---|---|---|
| 003 | PE-LiUPU | ||
| 005 | 20250731184537.0 | ||
| 008 | 171005s2017 inu rb 000 0 eng | ||
| 020 | _a1575064235 | ||
| 020 | _a9781575064239 | ||
| 035 | _a(Sirsi) i9781575064239 | ||
| 035 | _a(OCoLC)1005811875 | ||
| 040 |
_aDLC _bspa _erda _cDLC _dOCLCF _dOCLCO _dPE-LiUPU |
||
| 049 | _aPRUA | ||
| 050 | 0 | 0 |
_aDS110.H285 _bJ333 2017 |
| 082 | 0 | 0 |
_a933.49 _bJ13 _223 |
| 100 | 1 |
_aJacobs, Paul F., _eautor. |
|
| 245 | 1 | 0 |
_aLahav VI : _bexcavations in Field I at Tell Halif : 1976-1999 : the Early Bronze III to Late Arabic Strata / _cPaul F. Jacobs y Joe D. Seger. |
| 264 | 1 |
_aWinona Lake, Indiana : _bEisenbrauns, _c2017. |
|
| 300 |
_axxii, 642 páginas ; _c29 centímetros. |
||
| 336 |
_atext _2rdacontent |
||
| 337 |
_aunmediated _2rdamedia |
||
| 338 |
_avolume _2rdacarrier |
||
| 490 | 0 |
_aReports of the Lahav Research Project ; _vvolume VI |
|
| 504 | _aBibliografía : páginas 639-642. | ||
| 505 | 0 | _aGeneral introduction -- The Early Bronze Age: Strata XV-XII -- The Late Bronze Age: Strata XI-VIII -- The Iron and Persian Ages: Strata VII-V -- Strata III and I, the Late Roman/Byzantine and Modern Arab periods. | |
| 526 | _aP136 | ||
| 526 | _aP135 | ||
| 526 | _aP134 | ||
| 526 | _aP133 | ||
| 526 | _aP144 | ||
| 526 | _aP143 | ||
| 526 | _aP87 | ||
| 526 | _aP35 | ||
| 526 | _aP20 | ||
| 526 | _aP14 | ||
| 526 | _aP10 | ||
| 526 | _aP06 | ||
| 650 | 0 |
_aExcavaciones (Arqueología) _zIsrael _zSitio Ḥalif. |
|
| 650 | 0 |
_aExcavations (Archaeology) _zIsrael _zḤalif Site. |
|
| 651 | 0 | _aḤalif Site (Israel) | |
| 651 | 0 |
_aIsrael _xAntiguedades. _95033 |
|
| 651 | 0 |
_aIsrael _xAntiquities. |
|
| 651 | 0 | _aSitio Halif (Israel) | |
| 700 | 1 |
_aSeger, Joe D., _eautor. |
|
| 710 | 2 | _aCobb Institute of Archaeology. | |
| 910 |
_adbm _bebj _cebj _d20171228 |
||
| 942 |
_2ddc _cBOOK |
||
| 949 |
_a933.49 J13 _wDEWEY _c1 _i77852 _lCATALOGING _mBUL _p80.00 _r0 _sY _tBOOK _u2017-12-28 _xPOSGRADO _PP85 _0DONACION _o.STAFF. Colección Teología. |
||
| 994 |
_aC0 _bPEPRU |
||
| 596 | _a1 | ||
| 999 |
_a933.49 J13 _wDEWEY _c26522 _i77852 _d26522 _e2019-11-24 _f2021-11-11 _g4 _lCCODEBUL1 _mBUL _n10 _p80.00 _q2 _r0 _sY _tBOOK _u2017-12-28 _xTEOLOGIA _PP85 _0COMPRA _o.STAFF. Colección Teología. |
||
| 980 |
_81 _gALBERTO SANCHEZ Responsable de Automatización |
||